Tiếng việt sơ thảo ngữ pháp chức năng

Trình bày những kết quả của một quá trình nghiên cứu của tiếng Việt trên quan điểm ngữ pháp chức năng: cho phép nhận rõ những đặc trưng loại hình tiếng Việt; trình bày hệ thống ngữ pháp của nó một cách chính xác và giản dị hơn...

Ausführliche Beschreibung

Gespeichert in:
Bibliographische Detailangaben
1. Verfasser: Cao, Xuân Hạo
Format: Buch
Sprache:Undetermined
Veröffentlicht: Hà Nội Khoa học Xã hội 2006
Schlagworte:
Tags: Tag hinzufügen
Keine Tags, Fügen Sie den ersten Tag hinzu!
Thư viện lưu trữ: Trung tâm Học liệu Trường Đại học Cần Thơ
LEADER 00947nam a2200217Ia 4500
001 CTU_101233
008 210402s9999 xx 000 0 und d
020 |c 115000 
082 |a 495.9225 
082 |b H108 
100 |a Cao, Xuân Hạo 
245 0 |a Tiếng việt sơ thảo ngữ pháp chức năng 
245 0 |c Cao Xuân Hạo 
260 |a Hà Nội 
260 |b Khoa học Xã hội 
260 |c 2006 
520 |a Trình bày những kết quả của một quá trình nghiên cứu của tiếng Việt trên quan điểm ngữ pháp chức năng: cho phép nhận rõ những đặc trưng loại hình tiếng Việt; trình bày hệ thống ngữ pháp của nó một cách chính xác và giản dị hơn 
650 |a Vietnamese language 
650 |x Grammar 
904 |i Hiếu 
980 |a Trung tâm Học liệu Trường Đại học Cần Thơ